| 000 | 00722nam a2200241Ia 4500 | ||
|---|---|---|---|
| 003 | OSt | ||
| 005 | 20220927105028.0 | ||
| 006 | a|||||r|||| 00| 0 | ||
| 007 | ta | ||
| 008 | 220926b |||||||| |||| 00| 0 eng d | ||
| 024 | _a187495 | ||
| 037 | _cReference Collections | ||
| 040 |
_aRTL _cRTL _beng |
||
| 041 |
_2eng _aeng |
||
| 082 | _a"X9(J451).2.N61<-N57r, K1" | ||
| 110 |
_aKYANG TEA SEED COMPANY LTD. _9369624 |
||
| 245 | 0 | _a"Annual report , 1957" | |
| 260 |
_aCalcutta _bKyang Tea Seed Company Ltd. _c1961 |
||
| 300 |
_a7p _ccm. |
||
| 700 |
_aKYANG TEA SEED COMPANY LTD. _9369625 |
||
| 942 |
_h"X9(J451).2.N61<-N57r, K1" _cCC |
||
| 999 |
_c690324 _d690324 |
||